Život Žiliny

Bibliographic Details
Format: Journal
Language:Slovak
Published: Žilina PKO [1987-1994]

MARC

LEADER 00000cas a2200000 a 4500
001 vtls001345677
003 SK-MaSNL
005 20260221112430.0
008 981019d19871994xo r p 0 0b0slo c
035 |a SNK000298909 
040 |a SNK  |b slo  |c SNK  |e AACR2 
041 0 |a slo 
044 |a xo  |c SK 
245 0 0 |a Život Žiliny 
260 |a Žilina  |b PKO  |c [1987-1994] 
910 |a snk 
999 |c 397  |d 2327 
952 |0 0  |1 0  |4 0  |7 0  |a SNK  |b SNK  |d 1998-10-19  |l 0  |o snkČSD 182/1987 D1  |p 17A0166134  |r 2005-01-02 00:00:00  |w 2026-02-21  |y PREZ 
952 |0 0  |1 0  |4 0  |7 0  |a SNK  |b SNK  |d 2001-11-20  |l 0  |o snkČSD 182/1987  |p 17A0321515  |r 2005-01-02 00:00:00  |w 2026-02-21  |y PREZ 
952 |0 0  |1 0  |4 0  |7 0  |a SNK  |b SNK  |d 2000-01-24  |l 0  |o snkČSD 182/2/1994  |p 17A0225405  |r 2005-01-02 00:00:00  |w 2026-02-21  |y PREZ